| 000 | 00632nam a2200205Ii 4500 | ||
|---|---|---|---|
| 003 | JO-AjNU | ||
| 008 | 230606s9999||||xx |||||||||||||| ||und|| | ||
| 020 | _a0-8655539-088-6 | ||
| 040 |
_aJO-AjNU _beng _erda _cJO-AjNU |
||
| 041 | _aeng | ||
| 050 | 1 | 4 | _aHF5630 2000 |
| 100 | 3 |
_aAlbrecht,W. Steve/Sack,Robert J, _eauthor _93145 |
|
| 245 | 0 | 0 | _aAccounting Education: Charting the Course through a Perilous Future |
| 264 | 3 | 1 | _aUnited States of america,2000 |
| 300 | _a72P | ||
| 336 |
_atext _btxt _2rdacontent |
||
| 337 |
_aunmediated _bn _2rdamedia |
||
| 338 |
_avolume _bnc _2rdacarrier |
||
| 650 | 4 |
_aAccounting- Education _93146 |
|
| 999 |
_aE1648 _c1648 _d1648 |
||